Manažment a výkonnosť pracovníkov podniku

Súvislosti medzi manažmentom a výkonnosťou podniku. Chyby v podnikovom manažmente. Zvyšovanie kvality podnikového manažmentu - predpoklad zvyšovania výkonnosti.

Salvato in:
Dettagli Bibliografici
Autore principale: Vružek, Štefan
Altri autori: Daňková, Alena
Natura: Capitolo di libro
Lingua:slovacco
Soggetti:
Tags: Aggiungi Tag
Nessun Tag, puoi essere il primo ad aggiungerne!!

MARC

LEADER 00000naa a2200000 4500
001 r033683
005 20230918075347.1
041 0 |a slo 
044 |a SK 
245 1 0 |a Manažment a výkonnosť pracovníkov podniku  |c Štefan Vružek, Alena Daňková 
520 |a Súvislosti medzi manažmentom a výkonnosťou podniku. Chyby v podnikovom manažmente. Zvyšovanie kvality podnikového manažmentu - predpoklad zvyšovania výkonnosti. 
610 2 0 |a manažment 
610 2 0 |a výkonnosť 
610 2 0 |a podnik 
610 2 0 |a riadenie podnikové 
610 2 0 |a tok informácií 
610 2 0 |a komunikácia 
610 2 0 |a rozhovor 
610 2 0 |a rozhodovanie 
610 2 0 |a diskusia 
100 1 |a Vružek, Štefan 
700 1 |a Daňková, Alena